| 000 | 00476nam a2200145 i 4500 | ||
|---|---|---|---|
| 001 | 83467 | ||
| 003 | ES-MaACL | ||
| 005 | 20230906174831.0 | ||
| 007 | t| | ||
| 008 | 041117s1973 sp ||||1| spa d | ||
| 245 | 0 | 3 |
_aLa intervención en pólizas y letras _b: (circular de 30 de marzo de 1973 y apéndice). |
| 260 |
_aMadrid : _bJunta Central de los Colegios Oficiales de Corredores de Comercio, _c1973. |
||
| 300 |
_a184 p. ; _c21 cm. |
||
| 852 |
_aES-MaACL _jC-54015 _bR.86647 |
||
| 999 |
_c83467 _d83467 |
||